000 01510nam a22003374a 4500
005 20100405163053.0
008 071215s2007 ii a 000 0 eng
010 _aB-379474
020 _a9788174364692
_c2475.00
035 _aB-379474
037 _bUBH
040 _adpl
_bEnglish
082 _a954.16
245 _aDelhi, then & now /
_bedited by Neelam Narula
260 _aNew Delhi
_bRoli Books
_c2007
270 _aM-75, Greater Kailash II Market
_bNew Delhi
_e110048
300 _a104, 93 p. :
_bchiefly ill. (some col.)
_c31 cm(Hb)
500 _aBound back to back and inverted.
505 _aDelhi, then / Narayani Gupta -- Delhi, now / Dilip Bobb.
520 _aA two part illustrated narrative on Delhi, India's capital city; authored separately by Narayani Gupta and Dilip Bobb, with photo research & editing by Pramod Kapoor.
651 _aDelhi (India)
_vPictorial works.
651 _aNew Delhi (India)
_vPictorial works.
651 _aDelhi (India)
_xHistory.
651 _aNew Delhi (India)
_xSocial life and customs.
700 _aKapoor, Pramod.
700 _aGupta, Narayani.
_tDelhi, then
700 _aBobb, Dilip.
_tDelhi, now
942 _2ddc
_cRF
_mDEL
_h954.16
999 _c35083
_d35083